Normal view
MARC view
Entry Personal Name
001 - CONTROL NUMBER
- control field: 275
003 - CONTROL NUMBER IDENTIFIER
- control field: csc
005 - DATE AND TIME OF LATEST TRANSACTION
- control field: 20140507162049.0
008 - FIXED-LENGTH DATA ELEMENTS
- fixed length control field: 110204|||a|||||| | ||| d
040 ## - CATALOGING SOURCE
- Original cataloging agency: csc
- Transcribing agency: csc
100 ## - HEADING--PERSONAL NAME
- Personal name: Mulisch, Harry,
- Dates associated with a name: 1927-
670 ## - SOURCE DATA FOUND
- Source citation: Work cat.: (csc)175: Mulisch, Harry, 1927-, The discovery of heaven :, 1998, c1996.